| 000 | 00581nmm a2200205Ia 4500 | ||
|---|---|---|---|
| 008 | 251105s9999||||xx |||||||||||||||||und|| | ||
| 020 | _a9788498418125 | ||
| 041 | _aspa | ||
| 100 | _aSteiner, George | ||
| 245 | 0 | _aGeorge Steiner en The New Yorker | |
| 264 |
_a[Madrid, España] : _bSiruela, _c2012 |
||
| 300 | _a392 páginas | ||
| 490 | _aEl ojo del tiempo | ||
| 650 | _aMedia Studies (Journ., TV, etc) | ||
| 700 | _aSteiner, George | ||
| 700 | 1 | _a Boyers, Robert | |
| 700 | 1 | _a Condor, María | |
| 856 | _uhttps://public.digitaliapublishing.com/a/32048 | ||
| 942 | _cCF | ||
| 999 |
_c71712 _d71712 |
||